Jackie Chan Adventures Theme Song Quiz Stats

Quiz not verified by Sporcle

Challenge
Share
Tweet
Embed
Score 0/78 Timer 04:00
0 Plays Today
% Correct
Chaaaaaaaaaaan!
85.9%
Jackie
83.5%
the
76.5%
the
76.5%
the
76.5%
a
64.7%
a
64.7%
talisman
60%
talisman?
60%
to-
48.2%
to
48.2%
you
47.1%
Uncle
47.1%
you
47.1%
You
47.1%
You
47.1%
He
45.9%
he
45.9%
Hand.
44.7%
it
44.7%
and
43.5%
got
43.5%
and
43.5%
and
43.5%
got
43.5%
do
43.5%
Dark
41.2%
fight,
38.8%
find
36.5%
for
35.3%
now!
35.3%
somehow!
34.1%
Where's
32.9%
Never
30.6%
searching
30.6%
never
30.6%
always
30.6%
always
30.6%
can
29.4%
% Correct
be
28.2%
on
28.2%
niece
27.1%
his
24.7%
plan.
24.7%
his
24.7%
his
24.7%
him
24.7%
He's
23.5%
down
23.5%
with
23.5%
like
23.5%
win
22.4%
laugh
22.4%
Shadowkhan
21.2%
would
21.2%
than
21.2%
chance
20%
Chan's
20%
beat,
20%
rather
20%
or
20%
right,
20%
feet.
18.8%
wrong
18.8%
gotta
18.8%
gets
17.6%
know
17.6%
landing
16.5%
from
15.3%
deadbeats.
15.3%
hands!
14.1%
it's
14.1%
facing
12.9%
He'll
12.9%
just
12.9%
Yeah,
12.9%
Protects
10.6%
Yet
7.1%

You're not logged in!

Compare scores with friends on all Sporcle quizzes.
Sign Up with Email
OR
Log In

You Might Also Like...

Show Comments

Extras

Top Quizzes Today


Score Distribution

Your Account Isn't Verified!

In order to create a playlist on Sporcle, you need to verify the email address you used during registration. Go to your Sporcle Settings to finish the process.